El arte de amar; una investigación sobre la naturaleza del amor /

Guardado en:
Autor Principal: Fromm, Erich
Formato: Libro
Publicado: Argentina : Paidós, 2003
Edición:3a. ed.
Series:Contextos, 901
Etiquetas: Agregar Etiqueta
Sin Etiquetas, Sea el primero en etiquetar este registro!
LEADER 00771nam a22002175a 4500
001 CEM.cems002633
005 19000101000000.0
008 130507s2003##################000#0#####d
003 CEMS
082 0 4 |a 157 
100 1 |a Fromm, Erich 
245 1 0 |a El arte de amar; una investigación sobre la naturaleza del amor / 
250 |a 3a. ed. 
260 |a Argentina :  |b Paidós,  |c 2003 
300 |a 176 p. 
490 0 |a Contextos, 901 
859 |a CEMS  |b BIB. CEMS - 11 de abril  |h 157  |i F927  |p 14843.87  |t Ej.1 
859 |a CEMS  |b BIB. CEMS - 11 de abril  |h 157  |i F927  |p 14844.87  |t Ej.2 
859 |a CEMS  |b BIB. CEMS - 11 de abril  |h 157  |i F927  |p 23129.05  |t Ej.3 
859 |a CEMS  |b BIB. CEMS - 11 de abril  |h 157  |i F927  |p 23130.05  |t Ej.4 
859 |a CEMS  |b BIB. CEMS - 11 de abril  |h 157  |i F927  |p 23131.05  |t Ej.5